Accesibilidad en el proceso de admisión a la Universidad de Costa Rica, de la población estudiantil con necesidades educativas especiales asociadas o no a discapacidad /
Na minha lista:
| Autor principal: | |
|---|---|
| Outros Autores: | |
| Formato: | Texto |
| Tags: |
Adicionar Tag
Sem tags, seja o primeiro a adicionar uma tag!
|
MARC
| LEADER | 00000 a a2200000 04500 | ||
|---|---|---|---|
| 001 | 46650 | ||
| 003 | |||
| 040 | |||
| 100 | |a Stiller González, Laura | ||
| 245 | |a Accesibilidad en el proceso de admisión a la Universidad de Costa Rica, de la población estudiantil con necesidades educativas especiales asociadas o no a discapacidad / |c Laura Stiller González, Martha Gross Martínez | ||
| 700 | |a Gross Martínez, Martha | ||
| 773 | |g volumen36, número1 ( , 2012), páginas 73-81: tablas | ||
| 999 | |c 28823 |d 28823 | ||
